Иконы и фрески - Statistics

General Stats
  • This quiz has been taken 9 times
  • The average score is 5 of 16
Answer Stats
Picture Answer % Correct
"Ангел златые власы"
60%
Владимирская икона Божией Матери
60%
Боголюбская икона Богоматери
40%
Тихвинская икона Божией Матери
40%
Смоленская икона Божией матери
40%
Казанская икона Божией матери
40%
Федоровская икона Божией матери
40%
"Димитрий Солунский"
40%
"Троица" Андрея Рублева
20%
"Троица" Феофана Грека
20%
"Христос Пантократор" Феофана Грека
20%
"Спас Нерукотворный", Симеона Ушакова
20%
"Ветхозаветная Троица", Симеона Ушакова
20%
"Насаждение древа Государства Российского", Симеона Ушакова
20%
"Жатва", Гурий Никитин
20%
Николай Чудотворец, Дионисий
20%
No matching quizzes found
Score Distribution
Percent of People with Each Score
Percentile by Number Answered
Your Score History
You have not taken this quiz